Land taxation, the poor, and sustainable development /

Guardat en:
Dades bibliogràfiques
Autor principal: Strasma, John D.
Altres autors: Celis, Rafael
Format: Text
Matèries:
Etiquetes: Afegir etiqueta
Sense etiquetes, Sigues el primer a etiquetar aquest registre!

MARC

LEADER 00000 a a2200000 04500
001 43758
003
040
100 |a Strasma, John D.  
245 |a Land taxation, the poor, and sustainable development /  |c John D. Strasma; Rafael Celis  
650 |a DESARROLLO SOSTENIBLE  
650 |a MEDIO AMBIENTE  
650 |a AGRICULTURA  
650 |a EXPORTACION  
700 |a Celis, Rafael  
773 |g páginas 143-165  
999 |c 35407  |d 35407